[Event "Ruhrgebiet Verbandsklasse Gruppe 1 1718"]
[Site "Germany"]
[Date "2018.03.18"]
[Round "8.4"]
[White "Schorra, Helmut"]
[Black "Uhlich, Wilfried"]
[Result "1/2-1/2"]
[WhiteElo "2066"]
[BlackElo "1831"]
[PlyCount "119"]
[EventDate "2017.09.17"]
[EventType "team-tourn"]
[EventRounds "9"]
[EventCountry "GER"]
[SourceTitle "EXT 2022"]
[Source "ChessBase"]
[SourceDate "2021.10.06"]
[SourceVersion "1"]
[SourceVersionDate "2021.10.06"]
[SourceQuality "1"]
[WhiteTeam "Buer SF"]
[BlackTeam "Drewer SG"]
[WhiteTeamCountry "GER"]
[BlackTeamCountry "GER"]

1. e4 c6 2. d4 d5 3. Nd2 dxe4 4. Nxe4 Nf6 5. Nxf6+ exf6 6. Nf3 Bd6 7. Bc4 0-0 8. 0-0 Qc7 9. h3 Rd8 10. Re1 Nd7 11. c3 Nf8 12. Qe2 Be6 13. Bd2 Qd7 14. Qf1 Bc7 15. Re4 Bf5 16. Ree1 Be6 17. Rad1 b5 18. Bxe6 Nxe6 19. Bc1 Bf4 20. Be3 Rab8 21. Qe2 g6 22. Nd2 Kg7 23. Qf3 Bxe3 24. fxe3 Ng5 25. Qf2 Qd5 26. Rf1 f5 27. b3 Re8 28. Qf4 Ne4 29. Nxe4 Qxe4 30. Qxe4 Rxe4 31. Rfe1 Rbe8 32. Kf2 a6 33. g3 g5 34. c4 h5 35. cxb5 axb5 36. d5 cxd5 37. Rxd5 R8e5 38. Rxe5 Rxe5 39. a4 bxa4 40. bxa4 Ra5 41. Ra1 Kf6 42. h4 Kg6 43. Ke2 f6 44. Kd3 f4 45. exf4 gxf4 46. gxf4 Kf5 47. Ke3 Kg4 48. Rg1+ Kf5 49. Ra1 Kg4 50. Ke4 Kg3 51. Ra3+ Kg4 52. Ra1 Kg3 53. Rg1+ Kf2 54. Rg6 f5+ 55. Kd3 Rxa4 56. Rg5 Rxf4 57. Rxh5 Kg3 58. Ke3 Re4+ 59. Kd3 Rxh4 60. Rxf5 1/2-1/2

[Event "Magdeburg Roechling Jubilee 2nd"]
[Site "Magdeburg"]
[Date "2018.02.26"]
[Round "3"]
[White "Adibekian, Roubik"]
[Black "Schorra, Helmut"]
[Result "1-0"]
[WhiteElo "2212"]
[BlackElo "2056"]
[PlyCount "89"]
[EventDate "2018.02.24"]
[EventType "swiss"]
[EventRounds "9"]
[EventCountry "GER"]
[SourceTitle "EXT 2019"]
[Source "ChessBase"]
[SourceDate "2018.10.10"]
[SourceVersion "1"]
[SourceVersionDate "2018.10.10"]
[SourceQuality "1"]

1. Nf3 d6 2. d4 Bg4 3. Qd3 c6 4. h3 Bh5 5. e4 Nf6 6. Nbd2 Nbd7 7. g4 Bg6 8. Nh4 e5 9. Nxg6 hxg6 10. Bg2 Be7 11. Nb3 a5 12. a4 0-0 13. 0-0 Ne8 14. f4 exf4 15. Bxf4 Bg5 16. Qe3 Bxf4 17. Qxf4 Qb6 18. Rf2 Qb4 19. Qd2 Qb6 20. Bf1 Nef6 21. Re1 d5 22. exd5 Nxd5 23. g5 Qc7 24. Rf3 Qd8 25. h4 N7b6 26. Nc5 Qc8 27. Bh3 Qc7 28. b3 Ne7 29. c4 Rad8 30. Qf2 Nbc8 31. Rf1 Nd6 32. Ne6 Qb8 33. Nxf8 Rxf8 34. c5 Ndf5 35. h5 Rd8 36. Re1 Rd5 37. Rf4 Qd8 38. Ree4 b6 39. hxg6 fxg6 40. cxb6 c5 41. b7 Rxd4 42. Rxd4 cxd4 43. Bxf5 Nxf5 44. Rxf5 gxf5 45. Qf4 1-0

[Event "GER-chA Seniors 28th"]
[Site "Niederhausen"]
[Date "2016.08.21"]
[Round "9"]
[White "Schorra, Helmut"]
[Black "Seidel, Arnold"]
[Result "1-0"]
[WhiteElo "2064"]
[BlackElo "1983"]
[PlyCount "81"]
[EventDate "2016.08.13"]
[EventType "swiss"]
[EventRounds "9"]
[EventCountry "GER"]
[SourceTitle "EXT 2019"]
[Source "ChessBase"]
[SourceDate "2018.10.10"]
[SourceVersion "1"]
[SourceVersionDate "2018.10.10"]
[SourceQuality "1"]

1. d4 d5 2. Nc3 Bf5 3. f3 e6 4. Bf4 Nf6 5. g4 Bg6 6. h4 h6 7. h5 Bh7 8. e3 Bd6 9. Bd3 Bxf4 10. exf4 Qd6 11. Bxh7 Rxh7 12. Qd2 Nc6 13. 0-0-0 a6 14. Nh3 Rh8 15. Kb1 0-0-0 16. Ne2 Kb8 17. Nf2 Na7 18. Nd3 Nd7 19. Ne5 Qe7 20. Qe3 Rc8 21. Rhg1 Nxe5 22. fxe5 c5 23. f4 Nb5 24. c3 cxd4 25. cxd4 Rc4 26. Rc1 Rhc8 27. Rxc4 Rxc4 28. Rc1 Qb4 29. Rxc4 dxc4 30. Nc3 Nxc3+ 31. Qxc3 Qxc3 32. bxc3 Kc7 33. f5 Kd7 34. Kb2 Ke7 35. Ka3 exf5 36. gxf5 Kd7 37. Kb4 b5 38. a4 Kc6 39. axb5+ axb5 40. e6 fxe6 41. fxe6 1-0

[Event "GER-chA Seniors 28th"]
[Site "Niederhausen"]
[Date "2016.08.13"]
[Round "1"]
[White "Schulz, Gerhard1111"]
[Black "Schorra, Helmut"]
[Result "0-1"]
[WhiteElo "1853"]
[BlackElo "2064"]
[PlyCount "88"]
[EventDate "2016.08.13"]
[EventType "swiss"]
[EventRounds "9"]
[EventCountry "GER"]
[SourceTitle "EXT 2019"]
[Source "ChessBase"]
[SourceDate "2018.10.10"]
[SourceVersion "1"]
[SourceVersionDate "2018.10.10"]
[SourceQuality "1"]

1. d4 Nf6 2. Nf3 d6 3. Nc3 Nbd7 4. e4 e5 5. Bc4 Be7 6. 0-0 0-0 7. h3 c6 8. Bb3 exd4 9. Nxd4 Nc5 10. Re1 Qc7 11. Bf4 Rd8 12. Qe2 Bf8 13. Rad1 Re8 14. Qf3 a5 15. a4 Nxb3 16. Nxb3 Nd7 17. Qg3 Ne5 18. Bxe5 dxe5 19. Qe3 b6 20. Rd2 Be6 21. Red1 Rad8 22. Rxd8 Rxd8 23. Rxd8 Qxd8 24. Qd2 Qxd2 25. Nxd2 Bb4 26. Ncb1 b5 27. axb5 cxb5 28. c3 Bc5 29. Nf3 f6 30. Nbd2 a4 31. Kf1 g5 32. Ne1 b4 33. cxb4 Bxb4 34. Ke2 Bd7 35. Nd3 Bb5 36. Ke3 Ba5 37. f3 Bb6+ 38. Ke2 Bd4 39. Nb1 Bxb2 40. Kd2 a3 41. Nb4 Bf1 42. g4 Bxh3 43. Ke2 h5 44. gxh5 Be6 0-1

[Event "GER S2G2 enginefrei email"]
[Site "GER email"]
[Date "2016.02.29"]
[Round "?"]
[White "Schorra, Helmut"]
[Black "Eschert, Uwe"]
[Result "1/2-1/2"]
[WhiteElo "2009"]
[BlackElo "2051"]
[PlyCount "48"]
[EventDate "2016.03.07"]
[EventType "tourn (corr)"]
[EventRounds "6"]
[EventCountry "GER"]
[SourceTitle "Corr 2020"]
[Source "ChessBase"]
[SourceDate "2019.09.30"]
[SourceVersion "1"]
[SourceVersionDate "2019.09.30"]
[SourceQuality "1"]

1. e4 c5 2. Nf3 Nc6 3. Bb5 e6 4. 0-0 Nge7 5. c3 a6 6. Ba4 b5 7. Bc2 Bb7 8. d4 cxd4 9. cxd4 Nb4 10. Nc3 Nxc2 11. Qxc2 Rc8 12. Qd3 b4 13. Ne2 Ng6 14. Be3 Be7 15. d5 0-0 16. Rfd1 exd5 17. exd5 Re8 18. Qb3 Bf8 19. Ned4 Qa5 20. Nc2 Ne5 21. a3 Nxf3+ 22. gxf3 Qd8 23. Rd4 Qf6 24. Ne1 a5 1/2-1/2

[Event "GER S2G2 enginefrei email"]
[Site "GER email"]
[Date "2016.02.29"]
[Round "?"]
[White "Schorra, Helmut"]
[Black "Halfmeier, Hartmut"]
[Result "1/2-1/2"]
[WhiteElo "2009"]
[BlackElo "1663"]
[PlyCount "52"]
[EventDate "2016.03.07"]
[EventType "tourn (corr)"]
[EventRounds "6"]
[EventCountry "GER"]
[SourceTitle "Corr 2020"]
[Source "ChessBase"]
[SourceDate "2019.09.30"]
[SourceVersion "1"]
[SourceVersionDate "2019.09.30"]
[SourceQuality "1"]

1. c4 c5 2. Nf3 Nc6 3. d4 cxd4 4. Nxd4 Qb6 5. Nb3 e6 6. Nc3 Nf6 7. a3 Na5 8. Nxa5 Qxa5 9. Bd2 Qc7 10. e4 b6 11. Bd3 a6 12. 0-0 Bb7 13. Qe2 Bc5 14. Kh1 d6 15. f4 Bd4 16. Rae1 Nd7 17. Bb1 Rc8 18. Ba2 0-0 19. Rf3 Rfe8 20. Rg3 g6 21. b4 Nf6 22. e5 dxe5 23. fxe5 Bxc3 24. Rxc3 Ne4 25. Rd3 Red8 26. Rxd8+ Rxd8 1/2-1/2

[Event "GER-chA Seniors 27th"]
[Site "Magdeburg"]
[Date "2015.08.17"]
[Round "3"]
[White "Huelsmann, Josef"]
[Black "Schorra, Helmut"]
[Result "1-0"]
[WhiteElo "2196"]
[BlackElo "2051"]
[PlyCount "71"]
[EventDate "2015.08.15"]
[EventType "swiss"]
[EventRounds "9"]
[EventCountry "GER"]
[SourceTitle "EXT 2018"]
[Source "ChessBase"]
[SourceDate "2017.10.13"]
[SourceVersion "1"]
[SourceVersionDate "2017.10.13"]
[SourceQuality "1"]

1. d4 Nf6 2. Bg5 e6 3. e3 Be7 4. Bd3 c5 5. c3 Nc6 6. Nf3 b6 7. Nbd2 Bb7 8. 0-0 h6 9. Bh4 Rc8 10. Re1 0-0 11. a3 d6 12. h3 cxd4 13. exd4 Nh5 14. Bxe7 Nxe7 15. g3 Nf6 16. Qe2 Rc7 17. Rad1 Qa8 18. Kh2 Re8 19. Bb1 Nc6 20. Ne4 Nxe4 21. Qxe4 Ne7 22. Qh7+ Kf8 23. Nh4 Ng8 24. Qh8 f5 25. Ba2 Bd5 26. Bxd5 Qxd5 27. Re3 Kf7 28. Qh7 Nf6 29. Qg6+ Kg8 30. Rde1 Rce7 31. Nxf5 Qxf5 32. Qxf5 exf5 33. Rxe7 Ra8 34. R1e6 Kf8 35. Rb7 Re8 36. Rxe8+ 1-0

[Event "Ruhrgebiet Verbandsliga Gruppe 2 1415"]
[Site "Germany"]
[Date "2015.01.18"]
[Round "5.3"]
[White "Schorra, Helmut"]
[Black "Huette, Stefan"]
[Result "1-0"]
[WhiteElo "2048"]
[BlackElo "2030"]
[PlyCount "87"]
[EventDate "2014.09.21"]
[EventType "team-tourn"]
[EventRounds "9"]
[EventCountry "GER"]
[SourceTitle "EXT 2022"]
[Source "ChessBase"]
[SourceDate "2021.10.06"]
[SourceVersion "1"]
[SourceVersionDate "2021.10.06"]
[SourceQuality "1"]
[WhiteTeam "Buer SF"]
[BlackTeam "Essen Werden"]
[WhiteTeamCountry "GER"]
[BlackTeamCountry "GER"]

1. d4 Nf6 2. Nc3 d5 3. Bf4 c6 4. e3 Bf5 5. Bd3 e6 6. Nge2 Bd6 7. Bxf5 exf5 8. Qd3 g6 9. 0-0 Na6 10. a3 Nc7 11. f3 Bxf4 12. Nxf4 Ne6 13. Nxe6 fxe6 14. e4 0-0 15. e5 Nh5 16. f4 Qh4 17. g3 Qh3 18. Nd1 Ng7 19. a4 Rf7 20. a5 a6 21. Ra3 Qh6 22. Nf2 Nh5 23. Qe3 Qf8 24. Nd3 h6 25. Nc5 Re8 26. Rb3 Ree7 27. Kh1 Qg7 28. Qe2 Qh7 29. Rb6 Ng7 30. Qd2 Ne8 31. Rf3 g5 32. Rfb3 gxf4 33. gxf4 h5 34. Qf2 Kf8 35. Qh4 Rg7 36. Rg3 Rgf7 37. Rg5 Ng7 38. Rb3 Ke8 39. Rbg3 Kf8 40. Rg6 Re8 41. Qg5 Ree7 42. Rh6 Qg8 43. Nxe6+ Ke8 44. Rg6 1-0

[Event "Gelsenkirchen Silvester op 2nd"]
[Site "Gelsenkirchen"]
[Date "2014.12.27"]
[Round "2"]
[White "Tuscher, Albin"]
[Black "Schorra, Helmut"]
[Result "0-1"]
[WhiteElo "1581"]
[BlackElo "2087"]
[PlyCount "110"]
[EventDate "2014.12.27"]
[EventType "swiss"]
[EventRounds "5"]
[EventCountry "GER"]
[SourceTitle "EXT 2019"]
[Source "ChessBase"]
[SourceDate "2018.10.10"]
[SourceVersion "1"]
[SourceVersionDate "2018.10.10"]
[SourceQuality "1"]

1. e4 d6 2. d4 Nf6 3. Bd3 e5 4. c3 c6 5. Nf3 Nbd7 6. 0-0 Be7 7. h3 Qc7 8. Be3 Nf8 9. Nbd2 Ng6 10. Re1 0-0 11. Nf1 Rd8 12. Ng3 d5 13. Qc2 dxe4 14. Nxe4 Nd5 15. Ng3 Nxe3 16. Rxe3 exd4 17. Nxd4 Bg5 18. Ree1 Bd7 19. Rad1 Re8 20. Nf3 Be7 21. Qd2 Rad8 22. Qc2 Nf8 23. Re2 Bc5 24. Ne4 Bb6 25. Rde1 Qf4 26. Neg5 h6 27. Rxe8 Rxe8 28. Rxe8 Bxe8 29. Ne4 Bd7 30. Qd1 Be6 31. b3 Bd5 32. Ned2 c5 33. c4 Bc6 34. Qe2 Ne6 35. Be4 Nd4 36. Nxd4 cxd4 37. Bxc6 bxc6 38. Qe8+ Kh7 39. Qe4+ Qxe4 40. Nxe4 f5 41. Ng3 Kg6 42. Kf1 d3 43. Ke1 d2+ 44. Kxd2 Bxf2 45. Nf1 f4 46. Ke2 Bc5 47. Kf3 Kf5 48. g3 fxg3 49. Nxg3+ Ke5 50. Ne2 g5 51. Kg4 Be3 52. Ng3 Bd2 53. h4 gxh4 54. Kxh4 Be1 55. Kg4 Bxg3 0-1